000 nam a22 7a 4500
999 _c7189
_d7189
008 170727b xxu||||| |||| 00| 0 eng d
100 _93765
_aPlowman Ginger
245 _aDon't make me count to Three
260 _aUSA
_c2003